| 000 | 00547nam a2200181 i 4500 | ||
|---|---|---|---|
| 001 | 29829 | ||
| 003 | ES-MaACL | ||
| 005 | 20230906154109.0 | ||
| 007 | t| | ||
| 008 | 030123s1965 sp |||| | spa d | ||
| 080 | _a891.69-7"15/19"(082.2) | ||
| 100 | 1 |
_aBasáñez, Jesús. _9148426 |
|
| 245 | 1 | 3 |
_aEl humorismo vasco a través de la historia _b: (siglo XVI hasta nuestros días) / _cJesús Basáñez. |
| 260 |
_aPamplona : _bGómez, _c[1965] |
||
| 300 |
_a325 p. ; _c22 cm. |
||
| 650 | 4 |
_aHumorismo vasco. _9148429 |
|
| 852 |
_aES-MaACL _jC-28254 |
||
| 999 |
_c29829 _d29829 |
||